000 01032cam a2200241 i 4500
003 SA-RiAUC
005 20251006083942.0
008 251003s1995 su g 00010 ara c
040 _aSA-RiAUC
_bara
_cSA-RiAUC
_erda
082 0 4 _a230
_qSA-RiAUC
090 _a230
_bم ل ي
100 1 _aالمليباري، حمزة عبد الله،
_d1952-
_eمؤلف.
245 1 0 _aنظرات جديدة في علوم الحديث :
_bدراسة نقدية ومقارنة بين الجانب التطبيقي لدى المتقدمين والجانب النظري عند المتأخرين /
_cحمزه عبد الله المليباري.
250 _aالطبعة الأولى.
264 1 _aمكة المكرمة :
_bدار ابن حزم،
_c1995
300 _a105 صفحة ؛
_c24 سم
336 _aنص
_btxt
_2rdacontent
_3كتاب
337 _aبدون وسيط
_bn
_2rdamedia
338 _aمجلد
_bnc
_2rdacarrier
650 7 _aعلم الحديث
_2aucsh
942 _2ddc
_cBOOK
_n0
949 _aSA-JeALM
_d251003
_umohamedma123
_n1
999 _c12414
_d12414